00360pab a2200145 454500008004000000100001800040245004000058260000900098300001300107362000800120650001900128650001800147650001100165773003800176180718b1996 xxu||||| |||| 00| 0 eng d aChauhan, Abha aThe status of tribal women in India c1996 ap.97-103 aDec aTribes - India aWomen - India aTribes aTrends in Social Science Research